| 000 | 00517nam a2200157Ia 4500 | ||
|---|---|---|---|
| 003 | IN-BaIIA | ||
| 008 | 211028s9999 xx 000 0 eng d | ||
| 040 | _cIIA Library | ||
| 080 |
_a550.38 _bSAN |
||
| 100 |
_aSandoval, R. O. _92130 |
||
| 245 | 0 |
_aServicio geomagnetico elementos magneticos enla republica mexicana _cR. O. Sandoval |
|
| 260 |
_aMexico, Instituto De Geofisica _bUniversidad Nacional De Mexico _c1950 |
||
| 300 | _a223p. | ||
| 650 | _aGeomagnetism | ||
| 942 | _cBK | ||
| 999 |
_c986 _d986 |
||